| 000 | 01080nam a2200169Ia 4500 | ||
|---|---|---|---|
| 001 | 6550 | ||
| 008 | 260430s9999 xx 000 0 und d | ||
| 020 | _a9780525573883 | ||
| 245 | 0 |
_aContact High: A visual history of Hip-Hop/ _cVikki Tobak |
|
| 260 |
_aNY; _bClarkson Potter Publishers; _c2018 |
||
| 300 |
_a288p; _c33x26cm |
||
| 520 | _aFeaturing rare outtakes from over 100 photoshoots alongside interviews and essays from industry legends, Contact High: A Visual History of Hip-Hop takes readers on a chronological journey from old-school to alternative hip-hop and from analog to digital photography. The ultimate companion for music and photography enthusiasts, Contact High is the definitive history of hip-hop’s early days, celebrating the artists that shaped the iconic album covers, t-shirts and posters beloved by hip-hop fans today. With essays from BILL ADLER, RHEA L. COMBS, FAB 5 FREDDY, MICHAEL GONZALES, YOUNG GURU, DJ PREMIER, and RZA | ||
| 546 | _aEnglish | ||
| 650 |
_aHip Hop _99385 |
||
| 650 | _aTR624-835 Technology- Applied Photography | ||
| 942 | _cBK | ||
| 999 |
_c6550 _d6550 |
||